| 000 | 00637nam a2200241Ia 4500 | ||
|---|---|---|---|
| 003 | OSt | ||
| 005 | 20221007080820.0 | ||
| 006 | a|||||r|||| 00| 0 | ||
| 007 | ta | ||
| 008 | 221006b |||||||| |||| 00| 0 eng d | ||
| 024 | _a14,131 | ||
| 037 | _cTextual | ||
| 040 |
_aFLL _cFLL _beng |
||
| 041 |
_2eng _aeng |
||
| 082 | _aX:5.5.N7, K7 | ||
| 100 | _aShoup Carl S. | ||
| 245 | 0 | _aFiscal harmonization in common maarkets | |
| 260 |
_aNew York _bColumbia University Press USA _c1967 |
||
| 300 |
_axx,468p _ccm. |
||
| 490 | _vVol. 1 | ||
| 942 |
_hX:5.5.N7, K7 _cTEXL _2CC |
||
| 999 |
_c1160986 _d1160986 |
||